00361 a2200121 4500001000900000005001700009008004100026245004600067100002100113700002100134773006900155999001500224ART_757220260410161555.0260409a 10aInformes contables de activos intangibles1 aSimaro, Jorge D.1 aTonelli, Omar E.0 tProfesional & Empresariag- Año IX, Nº 105 (jun. 2008)wREV70 c9141d9141